| 000 | 00635nam a2200157Ia 4500 | ||
|---|---|---|---|
| 008 | 220216s9999 xx 000 0 und d | ||
| 100 | _aPotty S.N. | ||
| 245 | 0 | _aResults of fertiliser experiments on young rubber trees grown with legume and natural ground covers | |
| 260 |
_bIn: Agronomy soils physiology and economics of plantation crops: Placrosym I, 1978, Kottayam. (Ed. E.V. Nelliat). Indian Society for Plantation Crops, Kasaragod, India, pp. 141-147. _c1978 |
||
| 650 | _aFertilizer response | ||
| 650 | _aLeguminous cover crop | ||
| 700 | _aMathew M. | ||
| 700 | _aPalaniswamy R. | ||
| 700 | _aPunnoose K.I. | ||
| 942 | _cBS | ||
| 999 |
_c48720 _d48720 |
||